<?xml version="1.0" encoding="UTF-8"?>
<record
    xmlns:xsi="http://www.w3.org/2001/XMLSchema-instance"
    xsi:schemaLocation="http://www.loc.gov/MARC21/slim http://www.loc.gov/standards/marcxml/schema/MARC21slim.xsd"
    xmlns="http://www.loc.gov/MARC21/slim">

  <leader>02078nam a2200253Ia 4500</leader>
  <controlfield tag="003">OSt</controlfield>
  <controlfield tag="005">20251115101545.0</controlfield>
  <controlfield tag="008">210210b2019   xxu||||| |||| 00| 0 eng d</controlfield>
  <datafield tag="020" ind1=" " ind2=" ">
    <subfield code="a">9789389555547</subfield>
  </datafield>
  <datafield tag="040" ind1=" " ind2=" ">
    <subfield code="c">AL</subfield>
  </datafield>
  <datafield tag="041" ind1=" " ind2=" ">
    <subfield code="a">Kannada</subfield>
  </datafield>
  <datafield tag="082" ind1=" " ind2=" ">
    <subfield code="a">294.34K AMBB</subfield>
  </datafield>
  <datafield tag="100" ind1=" " ind2=" ">
    <subfield code="a">Ambedkar B R</subfield>
    <subfield code="9">135122</subfield>
  </datafield>
  <datafield tag="110" ind1=" " ind2=" ">
    <subfield code="a">&#xC85;&#xC82;&#xCAC;&#xCC7;&#xCA1;&#xCCD;&#xC95;&#xCB0;&#xCCD; &#xCAC;&#xCBF; &#xC86;&#xCB0;&#xCCD;</subfield>
    <subfield code="9">220309</subfield>
  </datafield>
  <datafield tag="245" ind1=" " ind2=" ">
    <subfield code="a">Buddha mattu atana dhamma</subfield>
    <subfield code="b">: &#xCAC;&#xCC1;&#xCA6;&#xCCD;&#xCA7; &#xCAE;&#xCA4;&#xCCD;&#xCA4;&#xCC1; &#xC86;&#xCA4;&#xCA8; &#xCA7;&#xCAE;&#xCCD;&#xCAE;</subfield>
  </datafield>
  <datafield tag="260" ind1=" " ind2=" ">
    <subfield code="a">Kalaburgi</subfield>
    <subfield code="b">-</subfield>
    <subfield code="c">2019</subfield>
  </datafield>
  <datafield tag="300" ind1=" " ind2=" ">
    <subfield code="a">xxiv,622p</subfield>
  </datafield>
  <datafield tag="520" ind1=" " ind2=" ">
    <subfield code="a">&#x2018;&#xCAC;&#xCC1;&#xCA6;&#xCCD;&#xCA7; &#xCAE;&#xCA4;&#xCCD;&#xCA4;&#xCC1; &#xC86;&#xCA4;&#xCA8; &#xCA7;&#xCAE;&#xCCD;&#xCAE;&#x2019; &#xCB8;&#xC82;&#xCB5;&#xCBF;&#xCA7;&#xCBE;&#xCA8; &#xCB6;&#xCBF;&#xCB2;&#xCCD;&#xCAA;&#xCBF; &#xCA1;&#xCBE;.&#xCAC;&#xCBF;.&#xC86;&#xCB0;&#xCCD;. &#xC85;&#xC82;&#xCAC;&#xCC7;&#xCA1;&#xCCD;&#xC95;&#xCB0;&#xCCD; &#xC85;&#xCB5;&#xCB0;&#xCC1; &#xCB0;&#xC9A;&#xCBF;&#xCB8;&#xCBF;&#xCA6; &#xC86;&#xC82;&#xC97;&#xCCD;&#xCB2; &#xC95;&#xCC3;&#xCA4;&#xCBF;. &#xCB2;&#xCC7;&#xC96;&#xC95; &#xC9C;&#xC97;&#xCA6;&#xCC0;&#xCB6;&#xCCD; &#xC95;&#xCCA;&#xCAA;&#xCCD;&#xCAA; &#xC85;&#xCB5;&#xCB0;&#xCC1; &#xC95;&#xCA8;&#xCCD;&#xCA8;&#xCA1;&#xC95;&#xCCD;&#xC95;&#xCC6; &#xC85;&#xCA8;&#xCC1;&#xCB5;&#xCBE;&#xCA6;&#xCBF;&#xCB8;&#xCBF;&#xCA6;&#xCCD;&#xCA6;&#xCBE;&#xCB0;&#xCC6;.&#xCAD;&#xCBE;&#xCB0;&#xCA4;&#xCC0;&#xCAF; &#xCB9;&#xCBE;&#xC97;&#xCC2; &#xCAA;&#xCBE;&#xCB6;&#xCCD;&#xC9A;&#xCBE;&#xCA4;&#xCCD;&#xCAF;&#xCAD;&#xCBE;&#xCB7;&#xCC6;&#xC97;&#xCB3;&#xCB2;&#xCCD;&#xCB2;&#xCC2; &#xC97;&#xCCC;&#xCA4;&#xCAE;&#xCAC;&#xCC1;&#xCA6;&#xCCD;&#xCA7;&#xCA8; &#xCAE;&#xCC7;&#xCB2;&#xCC6; &#xCAC;&#xC82;&#xCA6;&#xCBF;&#xCB0;&#xCC1;&#xCB5; &#xC8E;&#xCB2;&#xCCD;&#xCB2; &#xC95;&#xCC3;&#xCA4;&#xCBF;&#xC97;&#xCB3; &#xCAA;&#xCB0;&#xCBE;&#xCAE;&#xCB0;&#xCCD;&#xCB6;&#xCA8; &#xCAE;&#xCBE;&#xCA1;&#xCBF;, &#xCAA;&#xCBE;&#xCB2;&#xCBF;-&#xCB8;&#xC82;&#xCB8;&#xCCD;&#xC95;&#xCC3;&#xCA4; &#xC97;&#xCCD;&#xCB0;&#xC82;&#xCA5;&#xC97;&#xCB3; &#xCB8;&#xCAE;&#xC97;&#xCCD;&#xCB0; &#xC85;&#xCA7;&#xCCD;&#xCAF;&#xCAF;&#xCA8; &#xCA8;&#xCA1;&#xCC6;&#xCB8;&#xCBF; &#xC85;&#xCB5;&#xCB0;&#xCC1; &#xCA8;&#xCBF;&#xCB0;&#xCCD;&#xCB5;&#xCBE;&#xCA3;&#xC97;&#xCCA;&#xCB3;&#xCCD;&#xCB3;&#xCC1;&#xCB5; &#xC92;&#xC82;&#xCA6;&#xCC1; &#xCB5;&#xCB0;&#xCCD;&#xCB7;&#xCA6; &#xCB9;&#xCBF;&#xC82;&#xCA6;&#xCC6;&#xCAF;&#xCC7; &#xC87;&#xCA6;&#xCA8;&#xCCD;&#xCA8;&#xCC1; &#xCAA;&#xCCD;&#xCB0;&#xC95;&#xC9F;&#xCA3;&#xCC6;&#xC97;&#xCC6; &#xCB8;&#xCBF;&#xCA6;&#xCCD;&#xCA7;&#xCAA;&#xCA1;&#xCBF;&#xCB8;&#xCBF;&#xCA6;&#xCCD;&#xCA6;&#xCB0;&#xCC1;. &#xC85;&#xCB5;&#xCB0;&#xCC1; &#xC9C;&#xCC0;&#xCB5;&#xCBF;&#xCA4;&#xCBE;&#xCB5;&#xCA7;&#xCBF;&#xCAF;&#xCB2;&#xCCD;&#xCB2;&#xCBF; &#xC88; &#xC95;&#xCC3;&#xCA4;&#xCBF;&#xCAF;&#xCC1; &#xCAA;&#xCCD;&#xCB0;&#xC95;&#xC9F;&#xCB5;&#xCBE;&#xC97;&#xCBF;&#xCB0;&#xCB2;&#xCBF;&#xCB2;&#xCCD;&#xCB2; 1957&#xCB0;&#xCB2;&#xCCD;&#xCB2;&#xCBF; &#xCAA;&#xCCD;&#xCB0;&#xC95;&#xC9F;&#xC97;&#xCCA;&#xC82;&#xCA1;&#xCBF;&#xCA4;&#xCC1;. &#x2018;&#xCAC;&#xCC1;&#xCA6;&#xCCD;&#xCA7; &#xC86;&#xCCD;&#xCAF;&#xC82;&#xCA1;&#xCCD; &#xCB9;&#xCBF;&#xCB8;&#xCCD; &#xCA7;&#xCAE;&#xCCD;&#xCAE;&#x2019; &#xC95;&#xCC3;&#xCA4;&#xCBF; &#xCB0;&#xC9A;&#xCA8;&#xCC6;&#xCAF; &#xCAE;&#xCC2;&#xCB2;&#xC95; &#xCAD;&#xCBE;&#xCB0;&#xCA4;&#xCC0;&#xCAF; &#xCA6;&#xCB0;&#xCCD;&#xCB6;&#xCA8; &#xC95;&#xCCD;&#xCB7;&#xCC7;&#xCA4;&#xCCD;&#xCB0;&#xC95;&#xCCD;&#xC95;&#xCC6; &#xCA1;&#xCBE;. &#xC85;&#xC82;&#xCAC;&#xCC7;&#xCA1;&#xCCD;&#xC95;&#xCB0;&#xCCD; &#xC85;&#xCAE;&#xCC2;&#xCB2;&#xCCD;&#xCAF; &#xC95;&#xCCA;&#xCA1;&#xCC1;&#xC97;&#xCC6; &#xCA8;&#xCC0;&#xCA1;&#xCBF;&#xCA6;&#xCCD;&#xCA6;&#xCBE;&#xCB0;&#xCC6;.</subfield>
  </datafield>
  <datafield tag="690" ind1=" " ind2=" ">
    <subfield code="a">Buddhism</subfield>
    <subfield code="9">135132</subfield>
  </datafield>
  <datafield tag="700" ind1=" " ind2=" ">
    <subfield code="a">Koppa, N Jagadisha</subfield>
    <subfield code="9">180116</subfield>
  </datafield>
  <datafield tag="710" ind1=" " ind2=" ">
    <subfield code="a">&#xC95;&#xCCA;&#xCAA;&#xCCD;&#xCAA;, &#xC9C;&#xC97;&#xCA6;&#xCC0;&#xCB6; Tr </subfield>
    <subfield code="9">220310</subfield>
  </datafield>
  <datafield tag="906" ind1=" " ind2=" ">
    <subfield code="a">073948</subfield>
  </datafield>
  <datafield tag="942" ind1=" " ind2=" ">
    <subfield code="2">ddc</subfield>
    <subfield code="c">BK</subfield>
  </datafield>
  <datafield tag="999" ind1=" " ind2=" ">
    <subfield code="c">123707</subfield>
    <subfield code="d">123707</subfield>
  </datafield>
  <datafield tag="952" ind1=" " ind2=" ">
    <subfield code="0">0</subfield>
    <subfield code="1">0</subfield>
    <subfield code="2">ddc</subfield>
    <subfield code="4">0</subfield>
    <subfield code="7">0</subfield>
    <subfield code="8">OTH</subfield>
    <subfield code="a">AL</subfield>
    <subfield code="b">AL</subfield>
    <subfield code="c">SK</subfield>
    <subfield code="d">2021-02-17</subfield>
    <subfield code="e">Navakarnataka Publication Pvt Ltd Mangalore</subfield>
    <subfield code="g">300.00</subfield>
    <subfield code="l">1</subfield>
    <subfield code="o">294.34K AMBB</subfield>
    <subfield code="p">073948</subfield>
    <subfield code="r">2022-07-11 00:00:00</subfield>
    <subfield code="s">2021-12-11</subfield>
    <subfield code="w">2021-02-17</subfield>
    <subfield code="y">BK</subfield>
  </datafield>
</record>
